Подземная электрофизическая конверсия ископаемых твёрдых топлив: автореферат диссертации на соискание ученой степени кандидата технических наук; спец. 2.4.4
| Hovedforfatter: | |
|---|---|
| Institution som forfatter: | |
| Andre forfattere: | |
| Summary: | Заглавие с титульного экрана Электронная версия печатной публикации Защита сост. 29.12.2025 На правах рукописи Текстовый файл |
| Sprog: | russisk |
| Udgivet: |
Томск, 2025
|
| Fag: | |
| Online adgang: | https://earchive.tpu.ru/handle/11683/132988 |
| Format: | MixedMaterials Electronisk Bog |
| KOHA link: | https://koha.lib.tpu.ru/cgi-bin/koha/opac-detail.pl?biblionumber=682726 |
MARC
| LEADER | 00000nam0a2200000 4500 | ||
|---|---|---|---|
| 001 | 682726 | ||
| 005 | 20251105102938.0 | ||
| 090 | |a 682726 | ||
| 100 | |a 20251030d2025 k||y0rusy50 ca | ||
| 101 | 0 | |a rus | |
| 102 | |a RU | ||
| 105 | |a a dm 001yy | ||
| 135 | |a drcn ---uucaa | ||
| 181 | 0 | |a i |b e | |
| 182 | 0 | |a b | |
| 183 | 0 | |a cr |2 RDAcarrier | |
| 200 | 1 | |a Подземная электрофизическая конверсия ископаемых твёрдых топлив |e автореферат диссертации на соискание ученой степени кандидата технических наук |e спец. 2.4.4 |f Бухаркин Андрей Андреевич |g науч. рук. Г. Е. Ремнёв ; Национальный исследовательский Томский политехнический университет | |
| 203 | |a Текст |c электронный |b визуальный | ||
| 210 | 1 | |a Томск |d 2025 | |
| 215 | |a 1 файл (7,72 МБ, 22 с.) |c pdf | ||
| 283 | |2 RDAcarrier |a online_resource | ||
| 300 | |a Заглавие с титульного экрана | ||
| 300 | |a Электронная версия печатной публикации | ||
| 300 | |a Защита сост. 29.12.2025 | ||
| 320 | |a Список основных публикаций по теме диссертационного исследования: с. 20-22 (15 назв.) | ||
| 333 | |a На правах рукописи | ||
| 336 | |a Текстовый файл | ||
| 606 | |a Полезные ископаемые твердые |x Добыча |x Подземные работы |9 68870 | ||
| 610 | 1 | |a ископаемые твердые топлива | |
| 610 | 1 | |a высокое напряжение | |
| 610 | 1 | |a конверсия | |
| 610 | 1 | |a газообразные продукты | |
| 610 | 1 | |a жидкие продукты | |
| 610 | 1 | |a электрофизические процессы | |
| 610 | 1 | |a горючие сланцы | |
| 610 | 1 | |a электронный ресурс | |
| 610 | 1 | |a авторефераты диссертаций | |
| 610 | 1 | |a труды учёных ТПУ | |
| 675 | |a 622.3:622.272 |v 4 | ||
| 686 | |2 oksvnk |a 05.09.10 | ||
| 686 | |2 oksvnk |a 01.04.13 | ||
| 700 | 1 | |a Бухаркин |b А. А. |c специалист в области электрофизики |c инженер Томского политехнического университета |f 1989- |g Андрей Андреевич |9 14939 | |
| 702 | 1 | |a Ремнёв (Ремнев) |b Г. Е. |c физик |c профессор Томского политехнического университета, доктор технических наук |f 1948- |g Геннадий Ефимович |4 727 |9 9301 | |
| 712 | 0 | 2 | |a Национальный исследовательский Томский политехнический университет |c (2009- ) |4 570 |9 26305 |
| 801 | 0 | |a RU |b 63413507 |c 20251030 |g RCR | |
| 850 | |a 63413507 | ||
| 856 | 4 | |u https://earchive.tpu.ru/handle/11683/132988 |z https://earchive.tpu.ru/handle/11683/132988 | |
| 942 | |c CF | ||